| 000 | 00732nam a2200205 u 4500 | ||
|---|---|---|---|
| 005 | 20230524063958.0 | ||
| 008 | 130423s2011 mx r 000 0 spa d | ||
| 020 | _a9786074670776 | ||
| 035 | _aUPN01000190806 | ||
| 049 | _aCG | ||
| 050 | 4 |
_aQA135.5 _bA6.7 |
|
| 245 | 0 | 0 |
_aAprendizaje y enseñanza de las matemáticas escolares : _bcasos y perspectivas / _cCarmen Batanero Bernabeu ... [et al.]. |
| 260 |
_aMéxico : _bSEP, _c2011. |
||
| 300 |
_a162 p. : _btablas, gráfs., figs. |
||
| 440 | 0 | _aTeoría y práctica curricular de la educación básica | |
| 650 | 4 |
_aMatemáticas _xEstudio y enseñanza (Elemental) _92809 |
|
| 700 | 1 |
_aBatanero Bernabeu, María del Carmen, _ecoaut. _937293 |
|
| 905 | _aLibro | ||
| 999 |
_c162909 _d162909 |
||